[Event "BEL-chT 1112"]
[Site "Belgium"]
[Date "2012.04.01"]
[Round "11.3"]
[White "Luecke, Norbert"]
[Black "Hoffmann, Michael"]
[Result "1/2-1/2"]
[WhiteElo "2353"]
[BlackElo "2496"]
[PlyCount "29"]
[EventDate "2011.10.09"]
[EventType "team-tourn"]
[EventRounds "11"]
[EventCountry "BEL"]
[SourceTitle "EXT 2013"]
[Source "ChessBase"]
[SourceDate "2012.11.22"]
[SourceVersion "1"]
[SourceVersionDate "2012.11.22"]
[SourceQuality "1"]
[WhiteTeam "Eynatten"]
[BlackTeam "Ans"]
[WhiteTeamCountry "BEL"]
[BlackTeamCountry "BEL"]

1. g3 e5 2. Bg2 d5 3. d3 Nf6 4. Nd2 c5 5. e3 Nc6 6. Ne2 Be6 7. h3 Bd6 8. b3 0-0 9. 0-0 Qd7 10. Kh2 b5 11. a3 Rac8 12. c4 bxc4 13. bxc4 d4 14. exd4 exd4 15. Nf3 1/2-1/2

[Event "Eupen"]
[Site "Eupen"]
[Date "2010.08.28"]
[Round "8"]
[White "Pytel, Krzysztof"]
[Black "Luecke, Norbert"]
[Result "1/2-1/2"]
[WhiteElo "2360"]
[BlackElo "2362"]
[PlyCount "66"]
[EventDate "2010.08.21"]
[EventType "tourn"]
[EventRounds "9"]
[EventCountry "BEL"]
[EventCategory "4"]
[SourceTitle "CBM 138 Extra"]
[Source "ChessBase"]
[SourceDate "2010.10.29"]
[SourceVersion "1"]
[SourceVersionDate "2010.10.29"]
[SourceQuality "1"]

1. d4 g6 2. Nf3 Bg7 3. g3 d6 4. Bg2 Nd7 5. 0-0 e6 6. c4 Ne7 7. Nc3 0-0 8. b3 a6 9. Bb2 Rb8 10. a4 b6 11. e3 Bb7 12. Qc2 a5 13. Rad1 h6 14. Qe2 Re8 15. e4 Nc6 16. e5 dxe5 17. Nxe5 Ndxe5 18. dxe5 Qe7 19. Nb5 Nb4 20. Bxb7 Rxb7 21. Qe4 Rbb8 22. Kg2 Red8 23. Bc3 Rxd1 24. Rxd1 Rd8 25. Rxd8+ Qxd8 26. Bxb4 axb4 27. Nd4 Bf8 28. Nc6 Qd1 29. Qf3 Qd2 30. Qe3 Qd7 31. Qf3 Qd2 32. Qf6 Qd7 33. Qf3 Qd2 1/2-1/2

[Event "BL2-West 0506"]
[Site "Germany"]
[Date "2005.11.27"]
[Round "3.7"]
[White "Luecke, Norbert"]
[Black "Polaczek, Richard"]
[Result "1/2-1/2"]
[WhiteElo "2356"]
[BlackElo "2431"]
[PlyCount "43"]
[EventDate "2005.10.23"]
[EventType "team-tourn"]
[EventRounds "9"]
[EventCountry "GER"]
[SourceTitle "EXT 2007"]
[Source "ChessBase"]
[SourceDate "2006.11.23"]
[SourceVersion "1"]
[SourceVersionDate "2006.11.23"]
[SourceQuality "1"]
[WhiteTeam "Koeln Porz II"]
[BlackTeam "Remagen"]
[WhiteTeamCountry "GER"]
[BlackTeamCountry "GER"]

1. e4 Nf6 2. e5 Nd5 3. d4 d6 4. Nf3 g6 5. Bc4 Nb6 6. Bb3 Bg7 7. a4 a5 8. 0-0 0-0 9. exd6 Qxd6 10. Nc3 c6 11. Ne4 Qc7 12. c3 Bf5 13. Ng3 Bg4 14. h3 Bxf3 15. Qxf3 N8d7 16. Bg5 Nf6 17. Rfe1 Rae8 18. Rac1 Nbd7 19. Ne4 Nxe4 20. Qxe4 Nf6 21. Qh4 Nd5 22. Bxd5 1/2-1/2

[Event "BL2-West 0405"]
[Site "Germany"]
[Date "2005.01.30"]
[Round "6.7"]
[White "Hommeles, Theo"]
[Black "Luecke, Norbert"]
[Result "1-0"]
[WhiteElo "2384"]
[BlackElo "2360"]
[PlyCount "81"]
[EventDate "2004.10.13"]
[EventType "team-tourn"]
[EventRounds "9"]
[EventCountry "GER"]
[SourceTitle "EXT 2006"]
[Source "ChessBase"]
[SourceDate "2005.11.24"]
[SourceVersion "1"]
[SourceVersionDate "2005.11.24"]
[SourceQuality "1"]
[WhiteTeam "Bochum 31"]
[BlackTeam "Koeln Porz II"]
[WhiteTeamCountry "GER"]
[BlackTeamCountry "GER"]

1. e4 e6 2. d4 d5 3. Nc3 dxe4 4. Nxe4 Nd7 5. Nf3 Be7 6. Bd3 Ngf6 7. Neg5 h6 8. Nh3 c5 9. 0-0 0-0 10. Re1 cxd4 11. Nf4 e5 12. Nxe5 Nxe5 13. Rxe5 Bd6 14. Re1 Qc7 15. g3 Bg4 16. f3 Bd7 17. Bd2 Rfe8 18. a3 Qb6 19. b4 Rac8 20. Rxe8+ Bxe8 21. Qf1 Ba4 22. Qh3 Rc7 23. Rc1 Bd7 24. Qh4 Bb5 25. Nh5 Nxh5 26. Qd8+ Bf8 27. Bxb5 Qxb5 28. Qxc7 Qe2 29. Bf4 g5 30. Qe5 Qxf3 31. Bd2 Bg7 32. Qe8+ Kh7 33. Rf1 Qg4 34. Rxf7 Qd1+ 35. Qe1 Qxc2 36. Rxb7 Nf6 37. Qe7 Nh5 38. Be1 d3 39. Qe4+ Kg8 40. Qg6 d2 41. Rb8+ 1-0

[Event "BL2-West 0304"]
[Site "Germany"]
[Date "2004.??.??"]
[Round "?.5"]
[White "Kamp, Christoph"]
[Black "Luecke, Norbert"]
[Result "1/2-1/2"]
[WhiteElo "2330"]
[BlackElo "2375"]
[PlyCount "42"]
[EventDate "2003.12.14"]
[EventType "team-tourn"]
[EventRounds "9"]
[EventCountry "GER"]
[SourceTitle "CBM 100 Extra"]
[Source "ChessBase"]
[SourceDate "2004.07.06"]
[SourceVersion "2"]
[SourceVersionDate "2004.07.06"]
[SourceQuality "1"]
[WhiteTeam "Muenster"]
[BlackTeam "Koeln Porz"]
[WhiteTeamCountry "GER"]
[BlackTeamCountry "GER"]

1. c4 Nf6 2. Nc3 e5 3. Nf3 Nc6 4. a3 Be7 5. d4 d6 6. d5 Nb8 7. e4 0-0 8. Be2 a5 9. Nd2 Bd7 10. b3 Na6 11. Bb2 Qc8 12. 0-0 Ne8 13. Nf3 f5 14. exf5 Bxf5 15. Nd2 Nf6 16. f3 Nc5 17. Re1 Qe8 18. b4 Nd3 19. Bxd3 Bxd3 20. Qb3 Qg6 21. Nce4 Bxe4 1/2-1/2

[Event "Ruhrgebiet VL1 0001"]
[Site "Ruhrgebiet"]
[Date "2001.05.13"]
[Round "9"]
[White "Semina, Svetlana"]
[Black "Luecke, Norbert"]
[Result "0-1"]
[WhiteElo "2143"]
[BlackElo "2404"]
[PlyCount "74"]
[EventDate "2000.09.17"]
[EventType "team-tourn"]
[EventRounds "9"]
[EventCountry "GER"]
[SourceTitle "EXT 2023"]
[Source "ChessBase"]
[SourceDate "2022.10.05"]
[SourceVersion "1"]
[SourceVersionDate "2022.10.05"]
[SourceQuality "1"]
[WhiteTeam "Buer Hassel"]
[BlackTeam "Muelheim Stadtgrenze"]
[WhiteTeamCountry "GER"]
[BlackTeamCountry "GER"]

1. e4 e6 2. d4 d5 3. Nc3 dxe4 4. Nxe4 Nd7 5. Nf3 Be7 6. Bd3 Ngf6 7. Nxf6+ Bxf6 8. 0-0 c5 9. dxc5 Nxc5 10. Bb5+ Bd7 11. Qe2 0-0 12. Be3 Rc8 13. c3 a6 14. Bxd7 Qxd7 15. Bd4 Bxd4 16. Nxd4 Rfd8 17. Rad1 Na4 18. Rd2 Qe7 19. Rfd1 Qf6 20. Nf3 h6 21. h3 b5 22. Ne5 Rxd2 23. Rxd2 Rd8 24. Nc6 Rxd2 25. Qxd2 e5 26. Qd7 Nxb2 27. Qe8+ Kh7 28. Ne7 h5 29. Qg8+ Kh6 30. Qh8+ Kg5 31. Nd5 Qg6 32. g3 Nc4 33. h4+ Kg4 34. Qc8+ Qe6 35. Qd8 Qf5 36. Nc7 Qf3 37. Qc8+ f5 0-1

[Event "Ruhrgebiet VL1 0001"]
[Site "Ruhrgebiet"]
[Date "2001.01.21"]
[Round "5"]
[White "Alperovych, Yakiv"]
[Black "Luecke, Norbert"]
[Result "0-1"]
[WhiteElo "1948"]
[BlackElo "2404"]
[PlyCount "62"]
[EventDate "2000.09.17"]
[EventType "team-tourn"]
[EventRounds "9"]
[EventCountry "GER"]
[SourceTitle "EXT 2023"]
[Source "ChessBase"]
[SourceDate "2022.10.05"]
[SourceVersion "1"]
[SourceVersionDate "2022.10.05"]
[SourceQuality "1"]
[WhiteTeam "Dortmund Kleiner Koenig"]
[BlackTeam "Muelheim Stadtgrenze"]
[WhiteTeamCountry "GER"]
[BlackTeamCountry "GER"]

1. e4 e6 2. Nc3 d5 3. Nf3 dxe4 4. Nxe4 Nd7 5. Bc4 Be7 6. 0-0 Ngf6 7. Ng3 0-0 8. Re1 c5 9. a4 Nb6 10. Bf1 Qc7 11. b3 Nbd5 12. Bb2 b6 13. a5 Rb8 14. Ne5 Bb7 15. Nc4 Qd8 16. Be5 Ra8 17. axb6 axb6 18. Rxa8 Bxa8 19. Qa1 Bc6 20. Qa7 Ng4 21. Ba1 Bh4 22. Rxe6 Qg5 23. Rxc6 Bxg3 24. hxg3 Qh5 25. Bd3 Qh2+ 26. Kf1 Qh1+ 27. Ke2 Qxg2 28. c3 Nxf2 29. Rd6 Re8+ 30. Ne3 Rxe3+ 31. dxe3 Ne4+ 0-1

[Event "Ruhrgebiet VL1 0001"]
[Site "Ruhrgebiet"]
[Date "2000.11.12"]
[Round "3"]
[White "Schoepf, Ulrich"]
[Black "Luecke, Norbert"]
[Result "1/2-1/2"]
[WhiteElo "2101"]
[BlackElo "2404"]
[PlyCount "110"]
[EventDate "2000.09.17"]
[EventType "team-tourn"]
[EventRounds "9"]
[EventCountry "GER"]
[SourceTitle "EXT 2023"]
[Source "ChessBase"]
[SourceDate "2022.10.05"]
[SourceVersion "1"]
[SourceVersionDate "2022.10.05"]
[SourceQuality "1"]
[WhiteTeam "Essen Ueberruhr"]
[BlackTeam "Muelheim Stadtgrenze"]
[WhiteTeamCountry "GER"]
[BlackTeamCountry "GER"]

1. c4 Nf6 2. Nc3 e5 3. g3 d5 4. cxd5 Nxd5 5. Bg2 Nb6 6. Nf3 Nc6 7. 0-0 Be7 8. d3 0-0 9. Be3 Be6 10. Ne4 f5 11. Nc5 Bd5 12. Na4 Bf6 13. Nc3 Be6 14. Bc5 Rf7 15. Rc1 Nd5 16. Nxd5 Bxd5 17. b3 a5 18. Qc2 f4 19. e4 Be6 20. gxf4 exf4 21. Rfe1 Bg4 22. e5 Be7 23. Bxe7 Qxe7 24. Qc5 Re8 25. d4 Qxc5 26. Rxc5 Rd7 27. d5 Bxf3 28. dxc6 Bxc6 29. Bxc6 bxc6 30. Rxc6 f3 31. h3 Rd5 32. Rc3 Rdxe5 33. Rxe5 Rxe5 34. Rxf3 Rc5 35. Kg2 g5 36. Rd3 Kf7 37. Rd4 Ke6 38. Kg3 h5 39. f3 Kf5 40. Ra4 h4+ 41. Kf2 Rc2+ 42. Ke3 Rc3+ 43. Kf2 Rc5 44. Ke3 Kf6 45. f4 Rc3+ 46. Kf2 Rxh3 47. fxg5+ Kxg5 48. Rxa5+ Kf6 49. Rc5 Rh2+ 50. Kg1 Rxa2 51. Rxc7 Rb2 52. Rb7 h3 53. Rb5 h2+ 54. Kh1 Ke6 55. Rg5 Rxb3 1/2-1/2

[Event "Ruhrgebiet VL1 0001"]
[Site "Ruhrgebiet"]
[Date "2000.10.15"]
[Round "2"]
[White "Luecke, Norbert"]
[Black "Jellinghaus, Lars"]
[Result "1-0"]
[WhiteElo "2404"]
[BlackElo "2136"]
[PlyCount "75"]
[EventDate "2000.09.17"]
[EventType "team-tourn"]
[EventRounds "9"]
[EventCountry "GER"]
[SourceTitle "EXT 2023"]
[Source "ChessBase"]
[SourceDate "2022.10.05"]
[SourceVersion "1"]
[SourceVersionDate "2022.10.05"]
[SourceQuality "1"]
[WhiteTeam "Muelheim Stadtgrenze"]
[BlackTeam "Bochum Post"]
[WhiteTeamCountry "GER"]
[BlackTeamCountry "GER"]

1. e4 e6 2. d4 d5 3. Nd2 c5 4. Ngf3 Nc6 5. exd5 exd5 6. Bb5 Bd6 7. dxc5 Bxc5 8. Nb3 Bd6 9. Qd4 Nf6 10. 0-0 0-0 11. Bxc6 bxc6 12. Bg5 Be7 13. Rfe1 Be6 14. Nc5 Bxc5 15. Qxc5 Qb6 16. Qxb6 axb6 17. Nd4 Bd7 18. Re7 Rfd8 19. f3 c5 20. Ne2 Bf5 21. c3 d4 22. cxd4 cxd4 23. Bxf6 gxf6 24. Rd1 Rxa2 25. Rxd4 Rc8 26. Rd2 Rc2 27. Rxc2 Bxc2 28. b4 Bd3 29. Nf4 Bc4 30. Nh5 Kf8 31. Re4 b5 32. Nxf6 Kg7 33. Nd7 Rb2 34. Rg4+ Kh6 35. Nf6 Rxb4 36. Rg8 Rb2 37. g4 Rb1+ 38. Kg2 1-0

[Event "Ruhrgebiet VL2 9900"]
[Site "Ruhrgebiet"]
[Date "1999.12.12"]
[Round "4"]
[White "Libeau, Rene"]
[Black "Luecke, Norbert"]
[Result "1/2-1/2"]
[WhiteElo "2446"]
[BlackElo "2375"]
[PlyCount "59"]
[EventDate "1999.09.19"]
[EventType "team-tourn"]
[EventRounds "9"]
[EventCountry "GER"]
[SourceTitle "EXT 2001"]
[Source "ChessBase"]
[SourceDate "2000.11.22"]
[SourceVersion "1"]
[SourceVersionDate "2000.11.22"]
[SourceQuality "1"]

1. Nf3 Nf6 2. c4 g6 3. Nc3 d5 4. cxd5 Nxd5 5. e4 Nxc3 6. dxc3 Qxd1+ 7. Kxd1 Nd7 8. Bf4 c6 9. Kc2 f6 10. Nd2 e5 11. Be3 a5 12. a4 Bc5 13. Bxc5 Nxc5 14. Bc4 Ke7 15. Rhe1 Rd8 16. Nb3 Nxb3 17. Bxb3 f5 18. exf5 Bxf5+ 19. Kc1 Kf6 20. Bc4 Rd7 21. b3 Rb8 22. Be2 Be6 23. Rb1 b5 24. axb5 cxb5 25. Ra1 Rc8 26. Kb2 Rd2+ 27. Kc1 Rd6 28. Kb2 Rd2+ 29. Kc1 Rd5 30. Kb2 1/2-1/2

[Event "Ruhrgebiet VL2 9900"]
[Site "Ruhrgebiet"]
[Date "1999.11.21"]
[Round "3"]
[White "Luecke, Norbert"]
[Black "Kraemer, Matthias"]
[Result "1-0"]
[WhiteElo "2375"]
[BlackElo "2280"]
[PlyCount "56"]
[EventDate "1999.09.19"]
[EventType "team-tourn"]
[EventRounds "9"]
[EventCountry "GER"]
[SourceTitle "EXT 2001"]
[Source "ChessBase"]
[SourceDate "2000.11.22"]
[SourceVersion "1"]
[SourceVersionDate "2000.11.22"]
[SourceQuality "1"]

1. d4 d5 2. e3 Nf6 3. Bd3 Nc6 4. Nf3 Nb4 5. Be2 Bf5 6. Na3 c6 7. 0-0 a5 8. c3 Na6 9. Qb3 Qc7 10. c4 e6 11. Bd2 Be7 12. Rfc1 0-0 13. Be1 a4 14. Qxa4 Nc5 15. Qd1 Na4 16. b4 Ra7 17. cxd5 Qb8 18. dxc6 bxc6 19. Ne5 Bxb4 20. Bxb4 Qxb4 21. Nxc6 Qxa3 22. Nxa7 Nc3 23. Nb5 Qxc1 24. Rxc1 Nxd1 25. Bxd1 Rb8 26. Nd6 Kf8 27. Bb3 Ke7 28. Nxf5+ exf5 1-0

[Event "Ruhrgebiet VL2 9900"]
[Site "Ruhrgebiet"]
[Date "1999.09.19"]
[Round "1"]
[White "Luecke, Norbert"]
[Black "Mainka, Romuald"]
[Result "1/2-1/2"]
[WhiteElo "2375"]
[BlackElo "2485"]
[PlyCount "108"]
[EventDate "1999.09.19"]
[EventType "team-tourn"]
[EventRounds "9"]
[EventCountry "GER"]
[SourceTitle "EXT 2001"]
[Source "ChessBase"]
[SourceDate "2000.11.22"]
[SourceVersion "1"]
[SourceVersionDate "2000.11.22"]
[SourceQuality "1"]

1. e4 c5 2. Nf3 Nc6 3. d4 cxd4 4. Nxd4 Nf6 5. Nc3 d6 6. Be2 e6 7. 0-0 Be7 8. Kh1 Bd7 9. f4 a6 10. Be3 b5 11. a3 0-0 12. Qe1 Nxd4 13. Bxd4 Bc6 14. Qg3 Qd7 15. Bf3 Qb7 16. Rae1 Rad8 17. e5 dxe5 18. fxe5 Ne8 19. Bxc6 Qxc6 20. Rf4 g6 21. Qf2 Ng7 22. Ne4 Nf5 23. Bc3 h5 24. Bb4 Rfe8 25. Rf1 Kg7 26. Bc3 h4 27. Rg4 Rh8 28. h3 Rd5 29. Kh2 Rh5 30. Qf3 Kf8 31. Rd1 Rxd1 32. Qxd1 Ne3 33. Qf3 Nxg4+ 34. hxg4 Rh8 35. Qf4 Kg7 36. Nd6 Rf8 37. g5 Qd5 38. Bd4 Bd8 39. c3 a5 40. b4 axb4 41. axb4 Be7 42. Kg1 Qa2 43. Nxb5 Qb1+ 44. Kh2 h3 45. gxh3 Qc2+ 46. Qf2 Qd3 47. Nd6 Bxg5 48. b5 Bd2 49. b6 Bxc3 50. Bxc3 Qxc3 51. Qf6+ Kg8 52. b7 Qc7 53. Kg3 Rb8 54. Kg4 Rxb7 1/2-1/2

[Event "BL2-West 9899"]
[Site "Germany"]
[Date "1999.04.18"]
[Round "9.4"]
[White "Luecke, Norbert"]
[Black "Konopka, Michal"]
[Result "1/2-1/2"]
[WhiteElo "2375"]
[BlackElo "2480"]
[PlyCount "37"]
[EventDate "1998.10.??"]
[EventType "team-tourn"]
[EventRounds "9"]
[EventCountry "GER"]
[SourceTitle "GER-chT2"]
[Source "ChessBase"]
[SourceDate "1999.07.01"]
[SourceVersion "1"]
[SourceVersionDate "1999.07.01"]
[SourceQuality "1"]
[WhiteTeam "Plettenberg"]
[BlackTeam "Koeln Porz II"]
[WhiteTeamCountry "GER"]
[BlackTeamCountry "GER"]

1. e4 Nf6 2. e5 Nd5 3. d4 d6 4. Nf3 c6 5. Be2 dxe5 6. Nxe5 g6 7. 0-0 Bg7 8. Bf3 0-0 9. Re1 Be6 10. c3 Nd7 11. Nd3 Bf5 12. Na3 Bxd3 13. Qxd3 e5 14. c4 Ne7 15. d5 cxd5 16. cxd5 Nf5 17. Be3 Nd4 18. Bxd4 exd4 19. Qb3 1/2-1/2

[Event "BL2-West 9899"]
[Site "Germany"]
[Date "1999.03.21"]
[Round "8.5"]
[White "Luecke, Norbert"]
[Black "Dueball, Juergen"]
[Result "1-0"]
[WhiteElo "2375"]
[BlackElo "2350"]
[PlyCount "113"]
[EventDate "1998.10.??"]
[EventType "team-tourn"]
[EventRounds "9"]
[EventCountry "GER"]
[SourceTitle "GER-chT2"]
[Source "ChessBase"]
[SourceDate "1999.07.01"]
[SourceVersion "1"]
[SourceVersionDate "1999.07.01"]
[SourceQuality "1"]
[WhiteTeam "Plettenberg"]
[BlackTeam "Solingen II"]
[WhiteTeamCountry "GER"]
[BlackTeamCountry "GER"]

1. Nf3 Nf6 2. d4 d6 3. g3 g6 4. Bg2 Bg7 5. 0-0 0-0 6. a4 a5 7. Nc3 Nbd7 8. e4 e5 9. Re1 c6 10. h3 Re8 11. Be3 Qc7 12. Nd2 Ng4 13. d5 Nxe3 14. Rxe3 Bh6 15. Re2 Nb6 16. Nb3 Bd7 17. Qd3 cxd5 18. Nxd5 Nxd5 19. Qxd5 Be6 20. Qd1 Qb6 21. Re1 Rac8 22. Qd3 Bc4 23. Qc3 Ba6 24. Qxa5 Qxa5 25. Nxa5 Bd2 26. Nxb7 Bxb7 27. Re2 Ba5 28. c3 Bb6 29. Rd2 d5 30. exd5 e4 31. Kh2 e3 32. fxe3 Bxe3 33. Rdd1 Ba7 34. Re1 Bf2 35. Rxe8+ Rxe8 36. d6 Bxg2 37. Kxg2 Re2 38. Rd1 Rxb2 39. d7 Bb6+ 40. Kh1 Ra2 41. Rb1 Ba5 42. Rb5 Rd2 43. Rxa5 Rxd7 44. c4 Kf8 45. Rd5 Rc7 46. c5 Ke7 47. a5 Ke6 48. Rd1 Rxc5 49. Ra1 Rc7 50. Kg2 Ra7 51. a6 f5 52. Kf3 g5 53. Ra5 Kf6 54. Ke3 h5 55. h4 f4+ 56. gxf4 g4 57. Rxh5 1-0

[Event "BL2-West 9899"]
[Site "Germany"]
[Date "1999.03.07"]
[Round "7.5"]
[White "David, Alberto"]
[Black "Luecke, Norbert"]
[Result "1/2-1/2"]
[WhiteElo "2533"]
[BlackElo "2375"]
[PlyCount "102"]
[EventDate "1998.10.??"]
[EventType "team-tourn"]
[EventRounds "9"]
[EventCountry "GER"]
[SourceTitle "GER-chT2"]
[Source "ChessBase"]
[SourceDate "1999.07.01"]
[SourceVersion "1"]
[SourceVersionDate "1999.07.01"]
[SourceQuality "1"]
[WhiteTeam "Godesberg"]
[BlackTeam "Plettenberg"]
[WhiteTeamCountry "GER"]
[BlackTeamCountry "GER"]

1. e4 e6 2. d3 g6 3. d4 Bg7 4. Nc3 Ne7 5. Bf4 d6 6. Qd2 h6 7. 0-0-0 a6 8. h4 Nd7 9. f3 b5 10. Nh3 Bb7 11. Nf2 Nb6 12. Ng4 h5 13. Nf2 Qd7 14. g4 b4 15. Ne2 Qa4 16. Kb1 a5 17. gxh5 gxh5 18. b3 Qd7 19. Bg5 Nc6 20. Bh3 d5 21. e5 Ba6 22. Nd3 Bxd3 23. Qxd3 Na7 24. f4 Nb5 25. f5 Na3+ 26. Kb2 exf5 27. Bxf5 Qc6 28. Rhf1 a4 29. e6 axb3 30. exf7+ Kf8 31. cxb3 Nac4+ 32. Ka1 Na4 33. Rc1 Qa6 34. bxc4 Nc5 35. Qb1 b3 36. Qb2 Qxa2+ 37. Qxa2 Rxa2+ 38. Kb1 Rxe2 39. Rce1 Rxe1+ 40. Rxe1 Bxd4 41. Bg6 Kg7 42. Re8 Kxg6 43. Rxh8 Kxf7 44. Rh7+ Kg8 45. Rxc7 dxc4 46. Bf6 Bxf6 47. Rxc5 Bxh4 48. Rxc4 Bf6 49. Rc5 h4 50. Rh5 Kf7 51. Rxh4 Bxh4 1/2-1/2

[Event "BL2-West 9899"]
[Site "Germany"]
[Date "1998.10.18"]
[Round "1.4"]
[White "Lingnau, Carsten"]
[Black "Luecke, Norbert"]
[Result "1/2-1/2"]
[WhiteElo "2390"]
[BlackElo "2375"]
[PlyCount "88"]
[EventDate "1998.10.??"]
[EventType "team-tourn"]
[EventRounds "9"]
[EventCountry "GER"]
[SourceTitle "GER-chT2"]
[Source "ChessBase"]
[SourceDate "1999.07.01"]
[SourceVersion "1"]
[SourceVersionDate "1999.07.01"]
[SourceQuality "1"]
[WhiteTeam "Katernberg"]
[BlackTeam "Plettenberg"]
[WhiteTeamCountry "GER"]
[BlackTeamCountry "GER"]

1. Nf3 g6 2. d4 Bg7 3. c4 d6 4. Nc3 Nd7 5. g3 e6 6. Bg2 Ne7 7. 0-0 0-0 8. e4 b6 9. Re1 Bb7 10. Qe2 h6 11. h4 a6 12. Be3 Rb8 13. Qc2 Kh8 14. Rad1 Qe8 15. Bc1 f5 16. exf5 Nxf5 17. d5 e5 18. Ne4 Qf7 19. b3 Bc8 20. Bb2 Nc5 21. Rf1 Bd7 22. Kh2 Rbe8 23. Rde1 Nxe4 24. Rxe4 Ne7 25. Re3 Bf5 26. Qc1 Bd7 27. Nd2 Nf5 28. Ree1 g5 29. hxg5 Qh5+ 30. Kg1 hxg5 31. Ne4 Bh6 32. Qd1 g4 33. f4 gxf3 34. Rxf3 Qg6 35. Qd3 Bg7 36. Ref1 Nd4 37. Rxf8+ Rxf8 38. Rxf8+ Bxf8 39. Bxd4 exd4 40. Qxd4+ Bg7 41. Qe3 Be5 42. Qg5 Qxg5 43. Nxg5 Bxg3 44. Bh3 Bf4 1/2-1/2

[Event "Bundesliga 9798"]
[Site "Germany"]
[Date "1998.04.25"]
[Round "14.3"]
[White "Kraut, Rainer"]
[Black "Luecke, Norbert"]
[Result "0-1"]
[WhiteElo "2470"]
[BlackElo "2375"]
[PlyCount "66"]
[EventDate "1997.10.18"]
[EventType "team-tourn"]
[EventRounds "15"]
[EventCountry "GER"]
[SourceTitle "GER-chT"]
[Source "ChessBase"]
[SourceDate "1999.07.01"]
[SourceVersion "1"]
[SourceVersionDate "1999.07.01"]
[SourceQuality "1"]
[WhiteTeam "Duisburg"]
[BlackTeam "Plettenberg"]
[WhiteTeamCountry "GER"]
[BlackTeamCountry "GER"]

1. e4 g6 2. d4 Bg7 3. Nc3 d6 4. f4 Nd7 5. Nf3 e6 6. Bd3 Ne7 7. 0-0 0-0 8. Qe1 c5 9. Be3 cxd4 10. Nxd4 Nc5 11. Rd1 a6 12. Nb3 Nxd3 13. Rxd3 Qc7 14. Qf2 b5 15. a3 f5 16. Bb6 Qb8 17. e5 dxe5 18. Bc5 e4 19. Rh3 Bf6 20. Rd1 Bb7 21. Rd7 Rf7 22. Bd6 Qc8 23. Nc5 Bc6 24. Rc7 Qd8 25. Qd2 Bd5 26. Nxd5 Nxd5 27. Rxf7 Qxd6 28. Rhxh7 Qxc5+ 29. Kh1 e3 30. Qe1 Qxc2 31. h3 e2 32. Qg3 Qc1+ 33. Kh2 Qxf4 0-1

[Event "Bundesliga 9798"]
[Site "Germany"]
[Date "1998.03.28"]
[Round "12.4"]
[White "Hoffmann, Michael"]
[Black "Luecke, Norbert"]
[Result "1-0"]
[WhiteElo "2440"]
[BlackElo "2375"]
[PlyCount "55"]
[EventDate "1997.10.18"]
[EventType "team-tourn"]
[EventRounds "15"]
[EventCountry "GER"]
[SourceTitle "GER-chT"]
[Source "ChessBase"]
[SourceDate "1999.07.01"]
[SourceVersion "1"]
[SourceVersionDate "1999.07.01"]
[SourceQuality "1"]
[WhiteTeam "Castrop Rauxel"]
[BlackTeam "Plettenberg"]
[WhiteTeamCountry "GER"]
[BlackTeamCountry "GER"]

1. e4 e6 2. d4 d5 3. Nd2 dxe4 4. Nxe4 Nd7 5. g3 Ngf6 6. Nxf6+ Nxf6 7. Bg2 c5 8. Nf3 Qa5+ 9. c3 cxd4 10. Nxd4 Be7 11. 0-0 0-0 12. Qe2 a6 13. c4 Qb6 14. Rd1 e5 15. Qxe5 Bc5 16. b4 Qxb4 17. Nc2 Qxc4 18. Ne3 Qb4 19. Bd2 Qd4 20. Qxd4 Bxd4 21. Rab1 Be6 22. Rxb7 Rab8 23. Bb4 Rxb7 24. Bxb7 Rd8 25. Bc5 Bxc5 26. Rxd8+ Bf8 27. a4 a5 28. Ra8 1-0

[Event "Bundesliga 9798"]
[Site "Germany"]
[Date "1998.01.11"]
[Round "7.4"]
[White "Luecke, Norbert"]
[Black "Huebner, Robert"]
[Result "1-0"]
[WhiteElo "2375"]
[BlackElo "2580"]
[PlyCount "80"]
[EventDate "1997.10.18"]
[EventType "team-tourn"]
[EventRounds "15"]
[EventCountry "GER"]
[SourceTitle "GER-chT"]
[Source "ChessBase"]
[SourceDate "1999.07.01"]
[SourceVersion "1"]
[SourceVersionDate "1999.07.01"]
[SourceQuality "1"]
[WhiteTeam "Plettenberg"]
[BlackTeam "Solingen"]
[WhiteTeamCountry "GER"]
[BlackTeamCountry "GER"]

1. Nf3 Nf6 2. g3 d5 3. Bg2 c6 4. 0-0 Bg4 5. d4 e6 6. Nbd2 Be7 7. Re1 0-0 8. e4 a5 9. a4 c5 10. exd5 Nxd5 11. Nc4 Nc6 12. dxc5 Bxc5 13. c3 Qc7 14. Qb3 Rad8 15. Bg5 Nce7 16. Ne3 Nxe3 17. Bxe3 Bxe3 18. Rxe3 b6 19. Re4 Bxf3 20. Bxf3 Rd3 21. Bg2 Rfd8 22. Rae1 h6 23. Bh3 Ng6 24. Bf1 Rd2 25. R4e2 R2d6 26. Qb5 Rd5 27. Qb3 Qc5 28. Qc2 Nf8 29. Bg2 R5d6 30. Bf3 Nd7 31. Re3 Nf6 32. Rd1 Qf5 33. Rxd6 Qxc2 34. Rxd8+ Kh7 35. Rf8 Qg6 36. Be2 Qb1+ 37. Kg2 Qxb2 38. Bd3+ Ne4 39. Rxe4 Qxc3 40. Re3+ f5 1-0

[Event "Bundesliga 9798"]
[Site "Germany"]
[Date "1997.10.18"]
[Round "1.5"]
[White "Kyas, Juergen"]
[Black "Luecke, Norbert"]
[Result "1/2-1/2"]
[WhiteElo "2265"]
[BlackElo "2375"]
[PlyCount "33"]
[EventDate "1997.10.18"]
[EventType "team-tourn"]
[EventRounds "15"]
[EventCountry "GER"]
[SourceTitle "GER-chT"]
[Source "ChessBase"]
[SourceDate "1999.07.01"]
[SourceVersion "1"]
[SourceVersionDate "1999.07.01"]
[SourceQuality "1"]
[WhiteTeam "Chemnitz"]
[BlackTeam "Plettenberg"]
[WhiteTeamCountry "GER"]
[BlackTeamCountry "GER"]

1. e4 e6 2. d4 d5 3. Nd2 dxe4 4. Nxe4 Nd7 5. Nf3 Be7 6. Bd3 Ngf6 7. Qe2 c5 8. Nxc5 Bxc5 9. dxc5 Nxc5 10. Bb5+ Bd7 11. 0-0 0-0 12. Bxd7 Qxd7 13. Be3 Rac8 14. Rfd1 Qc7 15. c3 Nd5 16. Bd4 Rfe8 17. Be5 1/2-1/2

[Event "Bundesliga 9596"]
[Site "Germany"]
[Date "1995.??.??"]
[Round "?.6"]
[White "Luecke, Norbert"]
[Black "Hickl, Joerg"]
[Result "0-1"]
[WhiteElo "2395"]
[BlackElo "2570"]
[PlyCount "64"]
[EventDate "1995.10.14"]
[EventType "team-tourn"]
[EventRounds "15"]
[EventCountry "GER"]
[SourceTitle "GER-chT"]
[Source "ChessBase"]
[SourceDate "1999.07.01"]
[SourceVersion "1"]
[SourceVersionDate "1999.07.01"]
[SourceQuality "1"]
[WhiteTeam "Bochum"]
[BlackTeam "Koeln Porz"]
[WhiteTeamCountry "GER"]
[BlackTeamCountry "GER"]

1. e4 g6 2. d4 d6 3. Nf3 Bg7 4. c3 Nd7 5. Be2 e6 6. 0-0 Ne7 7. a4 0-0 8. Re1 b6 9. Nbd2 Bb7 10. a5 Rb8 11. Bf1 b5 12. Bxb5 Bxe4 13. Ba4 Ba8 14. Nc4 Nf6 15. b4 Nf5 16. Qd3 Nd5 17. Bg5 Qc8 18. Bd2 h6 19. Rab1 Qd8 20. Na3 c5 21. Nc4 cxb4 22. cxb4 Nf6 23. h3 Be4 24. Rxe4 Nxe4 25. Bf4 Rc8 26. b5 e5 27. dxe5 Nc5 28. Qa3 Ne6 29. Be3 Rxc4 30. b6 Nxe3 31. bxa7 Qxa5 32. Qxe3 Rxa4 0-1